Exploring technical efficiency of maize cultivation in bangladesh: a case study on chuadanga district / (Record no. 17684)

MARC details
000 -LEADER
fixed length control field 01143nam a22002777a 4500
001 - CONTROL NUMBER
control field BD-DhSAU
003 - CONTROL NUMBER IDENTIFIER
control field BD-DhSAU
005 - DATE AND TIME OF LATEST TRANSACTION
control field 20241214102732.0
008 - FIXED-LENGTH DATA ELEMENTS--GENERAL INFORMATION
fixed length control field 150420b2005 bg ||||| m||| 00| 0 eng d
040 ## - CATALOGING SOURCE
Original cataloging agency BD-DhSAU
082 ## - DEWEY DECIMAL CLASSIFICATION NUMBER
Edition number 22
Classification number 658.8
Item number F268
100 ## - MAIN ENTRY--PERSONAL NAME
Personal name ZOHURA, FATEMA-TUZ-
Relator term Registration No. # 15-06867
245 ## - TITLE STATEMENT
Title Exploring technical efficiency of maize<br/>cultivation in bangladesh: a case study on <br/>chuadanga district /<br/>
Remainder of title MS thesis
260 ## - PUBLICATION, DISTRIBUTION, ETC. (IMPRINT)
Place of publication, distribution, etc. Sher-e-Bangla Agricultural University:
Name of publisher, distributor, etc. Department of Agribusiness and Marketing,
Date of publication, distribution, etc. 2023.
300 ## - PHYSICAL DESCRIPTION
Extent xi, 75p. ;
Dimensions 30 cm.
500 ## - GENERAL NOTE
General note MS thesis of Department of Agribusiness and Marketing<br/>SYSTEM , Faculty of Agribusiness and Marketing, Sher-e-Bangla Agricultural University, Dhaka, Bangladesh
504 ## - BIBLIOGRAPHY, ETC. NOTE
Bibliography, etc Includes bibliographical reference.
590 ## - Name of Cataloguer
Name of Cataloger Nazmul
650 ## - SUBJECT ADDED ENTRY--TOPICAL TERM
Topical term or geographic name as entry element exploring technical efficiency,
651 ## - SUBJECT ADDED ENTRY--GEOGRAPHIC NAME
Geographic name maize cultivation
654 ## - SUBJECT ADDED ENTRY--FACETED TOPICAL TERM
Focus term case study on chuadanga district
700 ## - ADDED ENTRY--PERSONAL NAME
Personal name Assist. Prof. Dr. Md. Ghulam Rabbany
Relator term Superviser
700 ## - ADDED ENTRY--PERSONAL NAME
Personal name Assist. Prof. Dr. Sharmin Afrin
Relator term Co-superviser
942 ## - ADDED ENTRY ELEMENTS (KOHA)
Source of classification or shelving scheme Dewey Decimal Classification
Koha item type MS Level Thesis
Holdings
Withdrawn status Lost status Source of classification or shelving scheme Damaged status Not for loan Collection code Home library Branch Name Date acquired Total Checkouts Full call number Barcode Date last seen Price effective from Koha item type
    Dewey Decimal Classification   Not For Loan Reference SAU Library SAU Library 14/12/2024   658.8 F268 45483 14/12/2024 14/12/2024 MS Level Thesis